000 00353nam a22001337a 4500
005 20250901165810.0
008 250324b |||||||| |||| 00| 0 eng d
020 _a9780435989545
050 _aPR 9272.9 .N35 2000
245 _aMIGUEL STREET
_cNAIPAUL V.S
260 _aSOUTH AFRICA
_bHEINEMANN EDUCATIONAL PUBLISHERS
_c2000
300 _a176
942 _2lcc
999 _c9382
_d9382